<?xml version='1.0' encoding='UTF-8'?>
  <record xmlns="http://www.loc.gov/MARC21/slim">
    <leader>00000cam a22000007i 4500</leader>
    <controlfield tag="001">ocm56489124</controlfield>
    <controlfield tag="003">OCoLC</controlfield>
    <controlfield tag="005">20250714045019.1</controlfield>
    <controlfield tag="008">000403s1524    sz a          000 0 lat d</controlfield>
    <datafield tag="040" ind1=" " ind2=" ">
      <subfield code="a">CUD</subfield>
      <subfield code="b">eng</subfield>
      <subfield code="e">rda</subfield>
      <subfield code="e">dcrmr</subfield>
      <subfield code="c">CUD</subfield>
      <subfield code="d">OCLCQ</subfield>
      <subfield code="d">OCLCG</subfield>
      <subfield code="d">OCLCQ</subfield>
      <subfield code="d">OCLCO</subfield>
      <subfield code="d">OCLCA</subfield>
      <subfield code="d">EQO</subfield>
      <subfield code="d">OCLCO</subfield>
      <subfield code="d">OCLCF</subfield>
      <subfield code="d">OCLCO</subfield>
      <subfield code="d">QGJ</subfield>
      <subfield code="d">OCLCO</subfield>
      <subfield code="d">OCLCL</subfield>
      <subfield code="d">QGJ</subfield>
    </datafield>
    <datafield tag="029" ind1="1" ind2=" ">
      <subfield code="a">NLGGC</subfield>
      <subfield code="b">06393244X</subfield>
    </datafield>
    <datafield tag="035" ind1=" " ind2=" ">
      <subfield code="a">(OCoLC)56489124</subfield>
    </datafield>
    <datafield tag="041" ind1="1" ind2=" ">
      <subfield code="a">lat</subfield>
      <subfield code="h">ger</subfield>
    </datafield>
    <datafield tag="100" ind1="1" ind2=" ">
      <subfield code="a">Luther, Martin,</subfield>
      <subfield code="d">1483-1546,</subfield>
      <subfield code="e">author.</subfield>
      <subfield code="4">aut</subfield>
      <subfield code="1">https://id.oclc.org/worldcat/entity/E39PBJcC3jTktTmxwtTMgxrQbd</subfield>
    </datafield>
    <datafield tag="245" ind1="1" ind2="0">
      <subfield code="a">Insignia aliquot et vere pia opuscula, digna quae à quocunque Christiano legantur continue: quorum elenchus hic :</subfield>
      <subfield code="b">In orationem dominicam commentarius. Precatio dominica per Eras. Rotero. Contiones de decem praeceptis dominicis. Libellus consolatorius pro laborantibus &amp; afflictis in hac vita. Quomodo Christianus liber sit, &amp; tamen omniũ[m] servus officiosißimus.</subfield>
    </datafield>
    <datafield tag="246" ind1="3" ind2=" ">
      <subfield code="a">Insignia aliqvot et vere pia opuscula</subfield>
    </datafield>
    <datafield tag="264" ind1=" " ind2="1">
      <subfield code="a">Basileae :</subfield>
      <subfield code="b">Apud Thomam VVolfium,</subfield>
      <subfield code="c">Anno M. D. XXIIII. [1524]</subfield>
    </datafield>
    <datafield tag="300" ind1=" " ind2=" ">
      <subfield code="a">240 leaves :</subfield>
      <subfield code="b">1 illustration ;</subfield>
      <subfield code="c">17 cm (8vo)</subfield>
    </datafield>
    <datafield tag="336" ind1=" " ind2=" ">
      <subfield code="a">text</subfield>
      <subfield code="b">txt</subfield>
      <subfield code="2">rdacontent</subfield>
    </datafield>
    <datafield tag="337" ind1=" " ind2=" ">
      <subfield code="a">unmediated</subfield>
      <subfield code="b">n</subfield>
      <subfield code="2">rdamedia</subfield>
    </datafield>
    <datafield tag="338" ind1=" " ind2=" ">
      <subfield code="a">volume</subfield>
      <subfield code="b">nc</subfield>
      <subfield code="2">rdacarrier</subfield>
    </datafield>
    <datafield tag="340" ind1=" " ind2=" ">
      <subfield code="m">8vo</subfield>
      <subfield code="2">rdabf</subfield>
    </datafield>
    <datafield tag="500" ind1=" " ind2=" ">
      <subfield code="a">Publication statement from colophon.</subfield>
    </datafield>
    <datafield tag="500" ind1=" " ind2=" ">
      <subfield code="a">Title within ornamental border.</subfield>
    </datafield>
    <datafield tag="500" ind1=" " ind2=" ">
      <subfield code="a">Initials, printed marginal notes.</subfield>
    </datafield>
    <datafield tag="500" ind1=" " ind2=" ">
      <subfield code="a">Signatures: a-z⁸ A-G⁸; a1v and G8v are blank.</subfield>
    </datafield>
    <datafield tag="505" ind1="0" ind2="0">
      <subfield code="g">1.</subfield>
      <subfield code="t">In orationem dominicam commentarius /</subfield>
      <subfield code="r">[Martini Lutheri] --</subfield>
      <subfield code="g">2.</subfield>
      <subfield code="t">Precatio dominica /</subfield>
      <subfield code="r">per Eras. Rotero --</subfield>
      <subfield code="g">3.</subfield>
      <subfield code="t">Contiones de decem praeceptis dominicis /</subfield>
      <subfield code="r">[Martini Lutheri] --</subfield>
      <subfield code="g">4.</subfield>
      <subfield code="t">Consolatio pro laborantibus in hac vita /</subfield>
      <subfield code="r">[Martini Lutheri] --</subfield>
      <subfield code="g">5.</subfield>
      <subfield code="t">Tractatus de libertate christiana /</subfield>
      <subfield code="r">[Martini Lutheri].</subfield>
    </datafield>
    <datafield tag="505" ind1="8" ind2="0">
      <subfield code="g">Contains also (leaves 211v-217r):</subfield>
      <subfield code="t">Epistola ad Leonem Romanum episcopum</subfield>
      <subfield code="g">signed: Wittenbergae Sexta Septembris Anno. M. D. XX.</subfield>
    </datafield>
    <datafield tag="510" ind1="4" ind2=" ">
      <subfield code="a">Verzeichnis der im deutschen Sprachbereich erschienenen Drucke des 16. Jahrhunderts (VD 16),</subfield>
      <subfield code="c">L 4069</subfield>
      <subfield code="u">https://gateway-bayern.de/VD16+L+4069</subfield>
    </datafield>
    <datafield tag="510" ind1="4" ind2=" ">
      <subfield code="3">Erasmus, Desiderius. Precatio dominica:</subfield>
      <subfield code="a">Verzeichnis der im deutschen Sprachbereich erschienenen Drucke des 16. Jahrhunderts (VD 16),</subfield>
      <subfield code="c">E 3451</subfield>
      <subfield code="u">https://gateway-bayern.de/VD16+E+3451</subfield>
    </datafield>
    <datafield tag="510" ind1="4" ind2=" ">
      <subfield code="3">Luther, Martin. Contiones de decem praeceptis dominicis:</subfield>
      <subfield code="a">Verzeichnis der im deutschen Sprachbereich erschienenen Drucke des 16. Jahrhunderts (VD 16),</subfield>
      <subfield code="c">L 4325</subfield>
      <subfield code="u">https://gateway-bayern.de/VD16+L+4325</subfield>
    </datafield>
    <datafield tag="510" ind1="4" ind2=" ">
      <subfield code="3">Luther, Martin. Libellus consolatorius pro laborantibus et afflictis in hac vita:</subfield>
      <subfield code="a">Verzeichnis der im deutschen Sprachbereich erschienenen Drucke des 16. Jahrhunderts (VD 16),</subfield>
      <subfield code="c">L 6738</subfield>
      <subfield code="u">https://gateway-bayern.de/VD16+L+6738</subfield>
    </datafield>
    <datafield tag="510" ind1="4" ind2=" ">
      <subfield code="3">Luther, Martin. Quomodo Christianus liber sit et tamen omnium servus officiosissimus:</subfield>
      <subfield code="a">Verzeichnis der im deutschen Sprachbereich erschienenen Drucke des 16. Jahrhunderts (VD 16),</subfield>
      <subfield code="c">L 7224</subfield>
      <subfield code="u">https://gateway-bayern.de/VD16+L+7224</subfield>
    </datafield>
    <datafield tag="510" ind1="4" ind2=" ">
      <subfield code="a">Benzing, J. Lutherbibliographie,</subfield>
      <subfield code="c">16</subfield>
    </datafield>
    <datafield tag="630" ind1="0" ind2="0">
      <subfield code="a">Lord's prayer.</subfield>
    </datafield>
    <datafield tag="630" ind1="0" ind2="7">
      <subfield code="a">Lord's prayer</subfield>
      <subfield code="2">fast</subfield>
    </datafield>
    <datafield tag="700" ind1="1" ind2="2">
      <subfield code="i">Container of (expression):</subfield>
      <subfield code="a">Luther, Martin,</subfield>
      <subfield code="d">1483-1546.</subfield>
      <subfield code="t">Auslegung und Deutung des heiligen Vaterunsers.</subfield>
      <subfield code="l">Latin.</subfield>
    </datafield>
    <datafield tag="700" ind1="1" ind2="2">
      <subfield code="i">Container of (work):</subfield>
      <subfield code="a">Erasmus, Desiderius,</subfield>
      <subfield code="d">-1536.</subfield>
      <subfield code="t">Precatio dominica.</subfield>
    </datafield>
    <datafield tag="700" ind1="1" ind2="2">
      <subfield code="i">Container of (work):</subfield>
      <subfield code="a">Luther, Martin,</subfield>
      <subfield code="d">1483-1546.</subfield>
      <subfield code="t">Decem praecepta Wittenbergensi praedicata populo.</subfield>
    </datafield>
    <datafield tag="700" ind1="1" ind2="2">
      <subfield code="i">Container of (work):</subfield>
      <subfield code="a">Luther, Martin,</subfield>
      <subfield code="d">1483-1546.</subfield>
      <subfield code="t">Tessaradecas consolatoria pro laborantibus et oneratis.</subfield>
    </datafield>
    <datafield tag="700" ind1="1" ind2="2">
      <subfield code="i">Container of (work):</subfield>
      <subfield code="a">Luther, Martin,</subfield>
      <subfield code="d">1483-1546.</subfield>
      <subfield code="t">Epistola Lutheriana ad Leonem Decimum Summum Pontificem.</subfield>
    </datafield>
    <datafield tag="700" ind1="1" ind2="2">
      <subfield code="i">Container of (work):</subfield>
      <subfield code="a">Luther, Martin,</subfield>
      <subfield code="d">1483-1546.</subfield>
      <subfield code="t">Tractatus de libertate Christiana.</subfield>
    </datafield>
    <datafield tag="700" ind1="1" ind2=" ">
      <subfield code="a">Wolff, Thomas,</subfield>
      <subfield code="d">active 1519-1535,</subfield>
      <subfield code="e">printer.</subfield>
      <subfield code="4">prt</subfield>
      <subfield code="1">https://id.oclc.org/worldcat/entity/E39PBJgd6GBpR9Dm8MM6kqDQbd</subfield>
    </datafield>
    <datafield tag="752" ind1=" " ind2=" ">
      <subfield code="a">Switzerland</subfield>
      <subfield code="d">Basel,</subfield>
      <subfield code="e">publication place.</subfield>
      <subfield code="4">pup</subfield>
    </datafield>
    <datafield tag="758" ind1=" " ind2=" ">
      <subfield code="i">has work:</subfield>
      <subfield code="a">Insignia aliquot et vere pia opuscula, digna quae à quocunque Christiano legantur continue: quorum elenchus hic (Text)</subfield>
      <subfield code="1">https://id.oclc.org/worldcat/entity/E39PCFwdjg786fdmqT6j6MBCHC</subfield>
      <subfield code="4">https://id.oclc.org/worldcat/ontology/hasWork</subfield>
    </datafield>
  </record>